|
|
|
|
| LEADER |
01250nam a22002777a 4500 |
| 001 |
35795 |
| 003 |
BD-DhAAL |
| 005 |
20250527112635.0 |
| 008 |
211028t2007 bg ||||| i||| 001 0 ben d |
| 020 |
|
|
|a 9844105080
|
| 040 |
|
|
|a BD-DhAAL
|d BD-DhAAL
|
| 041 |
|
|
|a ben
|
| 082 |
|
|
|a 370
|2 23
|
| 100 |
|
|
|a রহমান, মুহাম্মদ হাবিবুর.
|9 42287
|
| 245 |
|
|
|a শিক্ষার্থী ও শিক্ষাদাতাদের জয় হোক /
|c মুহাম্মদ হাবিবুর রহমান.
|
| 246 |
|
|
|a Shiksharthee o shikshadatader joy houk
|
| 260 |
|
|
|a ঢাকা :
|b মাওলা ব্রাদার্স,
|c ২০০৭.
|
| 300 |
|
|
|a ১৩৪ পৃষ্ঠা ;
|c ২২ সে.মি.
|
| 500 |
|
|
|a নির্ঘণ্ট অন্তর্ভুক্ত।
|
| 526 |
|
|
|a BIED
|
| 541 |
|
|
|a Complimentary copy from BIED
|e 35795
|
| 650 |
|
|
|a Education.
|9 42288
|
| 852 |
|
|
|a Ayesha Abed Library
|c BIED Collection
|
| 942 |
|
|
|2 ddc
|c BK
|
| 999 |
|
|
|c 43296
|d 43296
|
| 952 |
|
|
|0 0
|1 0
|2 ddc
|4 0
|6 370_000000000000000_RAH
|7 0
|9 69447
|a BRACUL
|b BRACUL
|c GEN
|d 2021-10-28
|e Complimentary copy from BIED
|l 0
|o 370 RAH
|p 3010035795
|r 2021-10-28
|t 1
|w 2021-10-28
|y BK
|x Transferred from BIED to General Stacks
|